Compendio de legislación de seguridad biológica: (Registro nro. 18916)

Detalles MARC
000 -CABECERA
Campo de control 01296nam a2200325 a 4500
005 - FECHA Y HORA DE LA ULTIMA TRANSACCION
Campo de control 20160727103959.0
008 - ELEMENTOS DE LONGITUD FIJA—INFORMACION GENERAL
Campo de control 270716b2007 cu ||||| |||| 00| 0 spa d
040 ## - FUENTE DE CATALOGACIÓN
Agencia catalogadora original CO-BoIAVH
Agencia transcriptora CO-BoIAVH
041 ## - IDIOMA
Código de idioma para texto/pista de sonido o título separado Español
044 ## - PAÍS DE PUBLICACIÓN
País de publicación Cuba
082 14 - NUMERO DE CLASIFICACION DECIMAL DEWEY
Número de clasificación 346.048
Número del ítem C65
110 1# - ASIENTO PRINCIPAL--NOMBRE CORPORATIVO
Unidad subordinad Centro Nacional de Seguridad Biológica
9 (RLIN) 73442
245 10 - MENCION DE TITULO
Título Compendio de legislación de seguridad biológica:
Parte restante del título una guía para la gestión.
260 ## - PUBLICACION, DISTRIBUCION, ETC. (PIE DE IMPRENTA)
Lugar de publicación, distribución, etc. La Habana:
Nombre del editor, distribuidor, etc. Centro Nacional de Seguridad Biológica,
Fecha de publicación, distribución, etc. 2007.
300 ## - DESCRIPCION FISICA
Extensión 147 páginas.
490 ## - MENCION DE SERIE
Mención de serie Colectivo de autores
Designación numérica/secuencial del volumen 1
590 ## - NOTA LOCAL
Nota local Firmado en la primera página por Claudia María Villa y fecha agosto 2004
650 10 - ASIENTO SECUNDARIO DE MATERIA - TERMINO TEMATICO
Término temático o nombre geográfico como elemento de entrada Seguridad biológica
Subdivisión general legislación
Subdivisión geográfica Cuba
9 (RLIN) 73443
650 #0 - ASIENTO SECUNDARIO DE MATERIA - TERMINO TEMATICO
Término temático o nombre geográfico como elemento de entrada Derecho de autor
9 (RLIN) 73441
700 1# - ASIENTO SECUNDARIO - NOMBRE PERSONAL
Nombre personal Arce Hernández, Lenia
Término de relación editora
9 (RLIN) 37048
700 1# - ASIENTO SECUNDARIO - NOMBRE PERSONAL
Nombre personal Gueche García, Francisco
Término de relación editor
9 (RLIN) 73444
700 1# - ASIENTO SECUNDARIO - NOMBRE PERSONAL
Nombre personal Menéndez, de San Pedro López, Juan Carlos
Término de relación editor
9 (RLIN) 37042
700 1# - ASIENTO SECUNDARIO - NOMBRE PERSONAL
Nombre personal Rodríguez Dueñas, José
Término de relación editor
9 (RLIN) 37051
700 1# - ASIENTO SECUNDARIO - NOMBRE PERSONAL
Nombre personal La Rosa Peraza, Julia
Término de relación editora
9 (RLIN) 32235
700 1# - ASIENTO SECUNDARIO - NOMBRE PERSONAL
Nombre personal Hernández, Miguel Lorenzo
Término de relación editor
9 (RLIN) 32242
700 1# - ASIENTO SECUNDARIO - NOMBRE PERSONAL
Nombre personal Rodríguez García, Orfelina
Término de relación editora
9 (RLIN) 32245
700 1# - ASIENTO SECUNDARIO - NOMBRE PERSONAL
Nombre personal Delfin Soto, Margarita
Término de relación editora
9 (RLIN) 73445
700 1# - ASIENTO SECUNDARIO - NOMBRE PERSONAL
Nombre personal López Fumero, Gricel
Término de relación editora
9 (RLIN) 37050
942 ## - ELEMENTOS ADICIONALES (KOHA)
Tipo de ítem Libro
Sistema de clasificación Dewey Decimal Classification
Existencias
Withdrawn status Lost status Sistema de Clasificación Damaged status No para préstamo Colección Inventariado Ubicación Permanente Ubicación actual Fecha de adquisición Fuente de Valor Valor Total Checkouts Número topográfico Inventario / Código de Barras Date last seen Ejemplar Price effective from Forma de adquisición Tipo de material
    Dewey Decimal Classification     General Inventariado 2017 Bogotá Bogotá 27/07/2016 Instituto 39000.00   LB-346.048 C65 039717 27/07/2016 Ej. 1 27/07/2016 Donación Libro